ਅਮਰ ਬਾਨੀ / (Record no. 110519)

MARC details
000 -LEADER
fixed length control field 00950nam a22002537a 4500
005 - DATE AND TIME OF LATEST TRANSACTION
control field 20170123164153.0
010 ## - LIBRARY OF CONGRESS CONTROL NUMBER
LC control number B-065723
020 ## - INTERNATIONAL STANDARD BOOK NUMBER
Terms of availability 250.00
International Standard Book Number 8187654961
035 ## - SYSTEM CONTROL NUMBER
System control number B-065723
037 ## - SOURCE OF ACQUISITION
Stock number Cen Lib / Ret
040 ## - CATALOGING SOURCE
Original cataloging agency DPL
Language of cataloging PN
082 ## - DEWEY DECIMAL CLASSIFICATION NUMBER
Classification number 260.1
Item number ਭੱਲਾਜ
100 ## - MAIN ENTRY--PERSONAL NAME
Personal name ਭੱਲਾ, ਜਸਬੀਰ ਸਿੰਘ
9 (RLIN) 138285
245 ## - TITLE STATEMENT
Title ਅਮਰ ਬਾਨੀ /
Statement of responsibility, etc ਜਸਬੀਰ ਸਿੰਘ ਭੱਲਾ
246 ## - VARYING FORM OF TITLE
Title proper/short title Amar baani /
Remainder of title Jasbir Singh Bhalla
260 ## - PUBLICATION, DISTRIBUTION, ETC. (IMPRINT)
Place of publication, distribution, etc ਦਿੱਲੀ
Name of publisher, distributor, etc ਮਨਪ੍ਰੀਤ ਪ੍ਰਕਾਸ਼ਨ
Date of publication, distribution, etc 2002
270 ## - ADDRESS
Address 16/16 (1st floor) ਗੀਤਾ ਕਾਲੋਨੀ
City ਦਿੱਲੀ
Postal code 110031
300 ## - PHYSICAL DESCRIPTION
Extent 218p.
Dimensions 22cm(Hb)
650 ## - SUBJECT ADDED ENTRY--TOPICAL TERM
Topical term or geographic name as entry element ਪੰਜਾਬੀ ਸਾਹਿਤ
Chronological subdivision
9 (RLIN) 138286
650 ## - SUBJECT ADDED ENTRY--TOPICAL TERM
Topical term or geographic name as entry element ਸਿਖ -- ਧਰ੍ਮ
9 (RLIN) 3671
650 ## - SUBJECT ADDED ENTRY--TOPICAL TERM
Topical term or geographic name as entry element Literature -- punjabi
9 (RLIN) 138287
650 ## - SUBJECT ADDED ENTRY--TOPICAL TERM
Topical term or geographic name as entry element Punjabi -- religion
9 (RLIN) 9921
942 ## - ADDED ENTRY ELEMENTS (KOHA)
Source of classification or shelving scheme Dewey Decimal Classification
Koha item type Punjabi Bks
Classification part 260.1
Call number suffix ਭੱਲਾਜ
Holdings
Withdrawn status Lost status Damaged status Not for loan Home library Current library Date acquired Source of acquisition Cost, normal purchase price Total Checkouts Full call number Barcode Date last seen Copy number Cost, replacement price Price effective from Koha item type
        Central Library Central Library 29/01/2016 Cen Lib/Ret 250.00   260.1 ਭੱਲਾਜ B-065723 29/01/2016 1 250.00 29/01/2016 Punjabi Bks

© Delhi Public Library
Hit Counter
free hit counter